| 000 | 00789cam a22002533a 4500 | ||
|---|---|---|---|
| 001 | 31832 | ||
| 003 | PGUSA | ||
| 005 | 20140828083705.0 | ||
| 008 | 100331s2010||||xxu|||||s|||||000 1 eng d | ||
| 040 |
_aPGUSA _beng |
||
| 042 | _adc | ||
| 050 | 4 | _aPZ | |
| 050 | 4 | _aPS | |
| 100 | 1 |
_aSedgwick, Catharine Maria, _d1789-1867 |
|
| 245 | 1 | 4 |
_aThe Travellers : _bA Tale, Designed for Young People. _h[electronic resource] / _cCatharine Maria Sedgwick |
| 260 |
_bProject Gutenberg, _c2010 |
||
| 506 | _aPublic domain in the USA. | ||
| 516 | _aElectronic text | ||
| 653 | _aUnited States -- Description and travel -- Fiction | ||
| 653 | _aCanada -- Description and travel -- Fiction | ||
| 830 | 0 |
_aProject Gutenberg _v31832 |
|
| 856 | 4 | 0 | _uhttp://www.gutenberg.org/ebooks/31832 |
| 942 | _cEB | ||
| 999 |
_c261087 _d261087 |
||